Vista normal
Vista MARC
Entrada Geographic Name
Número de registros utilizados en: 1
001 - CONTROL NUMBER
- control field: 39273
003 - CONTROL NUMBER IDENTIFIER
- control field: OSt
005 - DATE AND TIME OF LATEST TRANSACTION
- control field: 20210811110242.0
008 - FIXED-LENGTH DATA ELEMENTS
- fixed length control field: 210811|| aca||aabn | a|a d
040 ## - CATALOGING SOURCE
- Original cataloging agency: OSt
- Transcribing agency: OSt
151 ## - HEADING--GEOGRAPHIC NAME
- Geographic name: Colombia
- Form subdivision: Ensayos, conferencias, etc.
- General subdivision: Condiciones económicas
670 ## - SOURCE DATA FOUND
- Source citation: Work cat.: (OSt)8278: 16826, 1er. Taller Asobancaria / , ©1994